Statistics for Country Word Search #26

Click here to take the quiz!

General Stats

  • This quiz has been taken 792 times
    (570 since last reset)
  • The average score is 10 of 11

Answers on the Map

Answers color-coded by a green-red scale on the quiz's map according to % correct below.
Loading ...
 

Answer Stats

Country % Correct
Germany
100%
Togo
99%
Tunisia
99%
Benin
93%
Malta
93%
Myanmar
91%
Tonga
91%
Nauru
86%
Oman
78%
Iran
73%
Israel
61%

Score Distribution

Percentile by Number Answered

Percent of People with Each Score

Your Score History

You have not taken this quiz since the last reset